عرض عادي
عرض مارك
- Algebras, Linear
مدخل مصطلح موضوعي
001 - رقم الضبط
- حقل الضبط: 45914
003 - معرف رقم الضبط
- حقل الضبط: OSt
005 - تاريخ ووقت أخر عملية
- حقل الضبط: 20140707132302.0
008 - عناصر بيانات ثابتة الطول
- حقل تحكم ثابت الطول: 140707|||a|||||| | ||| d
040 ## - مصدر الفهرسة
- هيئة الفهرسة الأصلية: OSt
- وكالة الكتابة: OSt
150 ## - مدخل-- مصطلح تاريخي
- عنصر مدخل المصطلح الموضوعي او الاسم الجغرافي: Algebras, Linear
- تفريع شكلي: Outlines, syllabi, etc.
670 ## - بيانات المصدر موجوده
- الاستشهاد بالمصدر: Work cat.: (OSt)0: Lipschutz, Seymour. 5997, Linear algebra /, c2013.
